Statistics for States that have had EF5 Tornadoes

Click here to take the quiz!

General Stats

  • This quiz has been taken 98 times
  • The average score is 17 of 20

Answers on the Map

Answers color-coded by a green-red scale on the quiz's map according to % correct below.
 

Answer Stats

Answer% Correct
Minnesota
91%
Michigan
89%
Ohio
89%
Oklahoma
88%
Illinois
86%
North Dakota
86%
Tennessee
86%
Texas
86%
Kentucky
85%
Louisiana
85%
Alabama
84%
Indiana
84%
Iowa
84%
Pennsylvania
84%
Wisconsin
84%
Mississippi
82%
Missouri
82%
Nebraska
82%
South Dakota
82%
Kansas
81%

Score Distribution

Percentile by Number Answered

Percent of People with Each Score

Your Score History

You have not taken this quiz